000 00439nam a22001697a 4500
999 _c524059
_d524059
003 NUST
038 _awaseem
082 _a891.423
_bNAD
100 _aNadeem, Farooq
_914883
245 _aNadeem Kahanian /
_cFarooq Nadeem
260 _aLahore :
_bIlyas Ghumman,
_c2001.
300 _a220 p. ;
500 _aHardcover.
880 _6100-02\r
_aفارُوق ندیم
880 _6245-02\r
_aندیم کیانِیاں /
942 _2ddc
_cBK